000 00327nam a2200133Ia 4500
008 190216s9999||||xx |||||||||||||| ||und||
100 _a"Goel,Garg,Khanna,Shrivastava"
245 0 _aP M T Guide
250 _a5th Ed.
260 _bRajhans Publications
_c1991
300 _a1281
650 _aObjective Questions
942 _cREF
999 _c36141
_d36141